header

IC at the crossroads (Record no. 172241)

MARC details
000 -LEADER
fixed length control field 01330nam a2200325Ia 4500
245 00 - TITLE STATEMENT
Title IC at the crossroads
260 ## - PUBLICATION, DISTRIBUTION, ETC. (IMPRINT)
Place of publication [Bradford, England] :
Name of publisher Emerald Group Pub.,
Year of publication 2004.
300 ## - PHYSICAL DESCRIPTION
Number of Pages p. 220-339 :
Other physical details ill.
490 1# - SERIES STATEMENT
Series statement Journal of intellectual capital ;
650 #0 - SUBJECT ADDED ENTRY--TOPICAL TERM
Topical Term Intellectual capital.
Topical Term Knowledge management.
700 1# - ADDED ENTRY--PERSONAL NAME
Personal name Marr, Bernard.
Personal name Chatzkel, Jay L.
856 40 - ELECTRONIC LOCATION AND ACCESS
Uniform Resource Identifier http://site.ebrary.com/lib/rucke/Doc?id=10058634

No items available.

© 2026 Rongo University
Contact us: librarian | system librarian | Rongo university